| 000 | 00362nam a2200145Ia 4500 | ||
|---|---|---|---|
| 008 | 230917s9999||||xx |||||||||||||| ||und|| | ||
| 040 |
_e70872 _aMAIN |
||
| 041 | _aEnglish | ||
| 082 | _a320.072 C676I | ||
| 100 | _aCole, Richard L | ||
| 245 | 0 | _aIntroduction to political inquiry | |
| 260 |
_aNew York _bMacmillan _c1980 |
||
| 300 | _axi, 275 p. | ||
| 942 | _cBK | ||
| 999 |
_c228139 _d228139 |
||